000 00494cam a2200205ua 4500
001 8705
005 20260515114352.0
008 150212n ii |||gr||||Z||||||eng
020 _a8177095307
040 _cMAIN
041 _aeng
082 _a820
100 _aThakur, D.,
_eAuthor.
245 1 _aConcise history of english
_cBy Damodar Thakur
250 _a1st.
260 _aNew Delhi:
_bBharati,
_c2002.
300 _a294p.
653 _aEnglish.& Old English literatures
942 _cBK
999 _c7796
_d7796